LDR 01070naa#a2200181#i#450# 001 RU\\bibl\121191 005 20260513091852.3 011 ## _a2409-1073 100 ## _a20141121b2014####ek#y0rusy0150####ca 101 0# _aRUS 102 ## _aRU 200 1# _aОсобенности современного этапа развития системы национальных счетов в России _eЖурнальная статья 210 1# _aМосква _cФедеральное государственное автономное образовательное учреждение высшего образования Национальный исследовательский университет "Московский институт электронной техники" _d2014 215 ## _a10 с. 608 ## _aЖурнальная статья _2local 675 ## _aНароднохозяйственные балансы. Национальные счета. 330.53 _zRUS 700 #1 _aГирбасова _gЕкатерина Михайловна 856 4# _aesgi-journal.ru _u